Don't Stop Me Now - Queen - Lyrics - Statistics

General Stats
  • This quiz has been taken 86 times
  • The average score is 307 of 376
Answer Stats
Lyrics % Correct
A
100%
Don't
99%
I
99%
Me
99%
No
99%
Stop
99%
Go
97%
I'm
97%
Time
97%
Good
96%
Now
96%
Having
94%
The
90%
So
88%
To
86%
An
84%
Of
83%
Call
81%
Cause
81%
And
80%
At
80%
Super
80%
They
80%
You
80%
Wanna
78%
Gonna
77%
Have
77%
Like
77%
My
77%
Out
77%
Real
75%
Light
74%
Man
74%
Mister
74%
Sky
74%
Speed
74%
Why
74%
Yeah
74%
Degrees
72%
Fahrenheit
72%
In
72%
Oh
72%
Sonic
72%
That's
72%
Through
72%
All
71%
Such
71%
Hundred
70%
Just
70%
Two
70%
It
68%
Make
68%
Myself
68%
Ball
67%
Burning
67%
Star
67%
World
67%
Give
65%
On
65%
Turn
65%
If
64%
Inside
64%
Mars
64%
Tonight
64%
Travelling
64%
Explode
62%
Feel
62%
Ready
62%
Alive
61%
Way
61%
Around
59%
Rocket
59%
Stopping
59%
Lady
58%
Racing
58%
By
57%
Floating
57%
Outta
57%
Ship
57%
There's
57%
Tiger
57%
Am
55%
Reload
55%
Car
54%
Machine
54%
Collision
52%
Control
52%
Ecstasy
52%
Gravity
52%
Shooting
52%
Laws
51%
Sex
51%
Atom
49%
Bomb
49%
Course
49%
Defying
49%
Godiva
49%
Woman
49%
Passing
46%
Sattelite
46%
About
42%
Hey
42%
I'll
42%
Yes
41%
Ooh
38%
Leaping
32%
Woah
23%
Right
13%
Let
12%
Loose
12%
Honey
10%
No matching quizzes found
Score Distribution
Percent of People with Each Score
Percentile by Number Answered
Your Score History
You have not taken this quiz